| 000 | 01042nam a2200241 i 4500 | ||
|---|---|---|---|
| 001 | 186518 | ||
| 003 | SpMaBN | ||
| 005 | 20230906222703.0 | ||
| 008 | 161121s2001 sp co |||| |bspa d | ||
| 020 | _a84-89014-08-6 | ||
| 080 | _a012 Linage Conde, Antonio | ||
| 080 | _a929 Linage Conde, Antonio | ||
| 245 | 0 | 0 |
_aAntonio Linage Conde _b: biobibliografía / _c[coord. Adela Tarifa]. |
| 250 | _a3ª ed. | ||
| 260 |
_aAlcalá la Real (Jaén) : _bCentro de Estudios Históricos "Carmen Juan Lovera", _c2001. |
||
| 300 |
_a139 p. : _b1 retr. ; _c23 cm. |
||
| 594 | _aEn anteport.: La 1ª ed. nació... dentro de los actos programados para las Segundas Jornadas de Historia en la Abadía, celebradas en Alcalá la Real del 12 al 15 de noviembre de 1998. | ||
| 600 | 1 | 7 |
_aLinage Conde, Antonio- _vBiobibliografías. _9161344 |
| 700 | 1 |
_aTarifa Fernández, Adela. _9161345 |
|
| 700 | 1 |
_aLinage Conde, Antonio. _972322 |
|
| 710 | 2 |
_aCentro de Estudios Históricos "Carmen Juan Lovera" (Alcalá la Real) _92641 |
|
| 852 |
_aES-MaACL _jL-30862 |
||
| 999 |
_c186518 _d186518 |
||